[Event "CYCC U14 w"]
[Site "Hamilton CAN"]
[Date "2022.07.09"]
[Round "3.65"]
[White "Dahale, Siddhi"]
[Black "Zhong, April Yunwei"]
[Result "0-1"]
[WhiteElo "1112"]
[BlackElo "1452"]
[PlyCount "48"]
[EventDate "2022.07.08"]
[EventType "swiss"]
[EventRounds "7"]
[EventCountry "CAN"]

1. c4 e6 2. Nc3 Nf6 3. Nf3 d5 4. cxd5 exd5 5. d4 c6 6. Bf4 Bd6 7. Bxd6 Qxd6 8.
Qc2 O-O 9. g3 Re8 10. Bg2 Ne4 11. O-O Nd7 12. e3 Qh6 13. Nd2 f5 14. Ndxe4 fxe4
15. Ne2 Nf6 16. Nf4 g5 17. Ne2 Re7 18. a4 Bg4 19. b4 Bh3 20. Bh1 Bxf1 21. Kxf1
Qxh2 22. Bg2 Ng4 23. b5 Rf8 24. bxc6 Nxe3+ 0-1

[Event "CYCC U14 w"]
[Site "Hamilton CAN"]
[Date "2022.07.09"]
[Round "3.66"]
[White "Yang, Lucy"]
[Black "Siahou, Audrey"]
[Result "1-0"]
[WhiteElo "1211"]
[BlackElo "794"]
[PlyCount "141"]
[EventDate "2022.07.08"]
[EventType "swiss"]
[EventRounds "7"]
[EventCountry "CAN"]

1. e4 e5 2. Nf3 Nc6 3. Bb5 a6 4. Ba4 Nf6 5. d3 h6 6. Bxc6 dxc6 7. Nxe5 Bd6 8.
Nf3 O-O 9. h3 Re8 10. O-O Bc5 11. Nc3 b5 12. Re1 Bd4 13. Nxd4 Qxd4 14. Be3 Qd8
15. Qf3 b4 16. Ne2 Rb8 17. Qg3 Nh5 18. Qf3 Nf6 19. Nd4 Qd7 20. Nf5 Qd8 21. Nd4
Qd6 22. Nb3 Be6 23. Qe2 Rb5 24. f4 Qe7 25. Nd4 Rb7 26. Nxc6 Qd7 27. Nd4 Qc8 28.
Nxe6 Qxe6 29. Qd2 Nh7 30. Qf2 a5 31. Rab1 Reb8 32. b3 a4 33. Bd4 axb3 34. cxb3
Rd8 35. Red1 Rb5 36. Be3 g6 37. Qg3 g5 38. fxg5 Nxg5 39. h4 Qg6 40. hxg5 hxg5
41. Qxc7 Rbb8 42. Qg3 f5 43. exf5 Qxf5 44. Qxg5+ Qxg5 45. Bxg5 Rd5 46. Be3 Re8
47. Bf2 Red8 48. d4 Kf7 49. Ra1 Rc8 50. Rdc1 Rb8 51. Rc5 Rd7 52. d5 Rbd8 53.
Rd1 Ra8 54. Rd2 Ke7 55. Bg3 Rg8 56. Bh2 Kf6 57. d6 Ke6 58. Re2+ Kf7 59. Rc7
Rxc7 60. dxc7 Rc8 61. Re4 Kf8 62. Rxb4 Ke7 63. Rb8 Kd7 64. Rxc8 Kxc8 65. g4 Kd7
66. g5 Kc8 67. g6 Kd7 68. g7 Kc8 69. g8=Q+ Kd7 70. c8=Q+ Ke7 71. Qce6# 1-0

[Event "CYCC U14 w"]
[Site "Hamilton CAN"]
[Date "2022.07.09"]
[Round "3.67"]
[White "Wang, Crystal"]
[Black "Li, Ruby"]
[Result "1-0"]
[WhiteElo "834"]
[BlackElo "640"]
[PlyCount "149"]
[EventDate "2022.07.08"]
[EventType "swiss"]
[EventRounds "7"]
[EventCountry "CAN"]

1. d4 Nf6 2. Nf3 d6 3. Bf4 Nc6 4. e3 a6 5. Bd3 Nh5 6. Bg3 Nxg3 7. hxg3 Bg4 8.
Nbd2 e5 9. c3 f5 10. d5 Ne7 11. e4 Rb8 12. Qc2 c6 13. exf5 cxd5 14. f6 gxf6 15.
Rxh7 Rg8 16. Nh2 f5 17. f3 e4 18. Nxg4 fxg4 19. fxe4 Rg7 20. exd5 Rxh7 21. Bxh7
Qd7 22. Qe4 Kd8 23. Ke2 Qb5+ 24. Qd3 Qxd3+ 25. Kxd3 Nxd5 26. Bf5 Kc7 27. Re1
Nf6 28. Re6 Nh5 29. Bxg4 Nxg3 30. Re3 Nh1 31. Ke2 d5 32. Bf3 Bh6 33. Re5 Rf8
34. Nf1 Bf4 35. Rxd5 Re8+ 36. Kd3 Nf2+ 37. Kc2 Re1 38. Rf5 Bh6 39. Rf7+ Kd8 40.
Ng3 Rc1+ 41. Kb3 b5 42. Be2 Nd1 43. Rf6 Rb1 44. Rd6+ Kc7 45. Rxd1 Rxd1 46. Bxd1
Bf8 47. c4 bxc4+ 48. Kxc4 Bd6 49. Ne4 Be5 50. b3 Kb6 51. g4 Kc7 52. Kd5 Bb2 53.
Ng3 Kd7 54. Nf5 Ke8 55. Ke6 Kf8 56. g5 Kg8 57. g6 Bh8 58. g7 Bxg7 59. Nxg7 Kxg7
60. Kd6 Kf7 61. Kc6 Ke8 62. Kb6 Kd8 63. Kxa6 Kc8 64. b4 Kb8 65. Bf3 Kc8 66. b5
Kb8 67. b6 Kc8 68. Ka7 Kd7 69. b7 Ke7 70. b8=Q Kd7 71. Qb6 Ke7 72. Qc6 Kf7 73.
Bd5+ Ke7 74. Qe6+ Kf8 75. Qf7# 1-0

[Event "CYCC U14 w"]
[Site "Hamilton CAN"]
[Date "2022.07.09"]
[Round "4.5"]
[White "Chen, Rachel Ruoxuan"]
[Black "Jiang, Hancy"]
[Result "1-0"]
[WhiteElo "1945"]
[BlackElo "1855"]
[PlyCount "63"]
[EventDate "2022.07.08"]
[EventType "swiss"]
[EventRounds "7"]
[EventCountry "CAN"]

1. e4 c6 2. Nf3 d5 3. d3 Bg4 4. h3 Bxf3 5. Qxf3 e6 6. g3 Nf6 7. Bg2 Be7 8. O-O
Nbd7 9. Qe2 dxe4 10. dxe4 Qc7 11. Nd2 O-O-O 12. a4 h5 13. Nc4 e5 14. Be3 Bc5
15. Bxc5 Nxc5 16. Qe3 b6 17. a5 Kb7 18. axb6 axb6 19. b4 Ne6 20. Ra3 Ra8 21.
Rfa1 Nd4 22. R1a2 Nd7 23. h4 f6 24. Bh3 b5 25. Na5+ Kc8 26. c3 g5 27. cxd4 gxh4
28. Rc2 Rxa5 29. Rxa5 Kd8 30. Bxd7 Kxd7 31. d5 Rg8 32. Ra7 1-0

[Event "CYCC U14 w"]
[Site "Hamilton CAN"]
[Date "2022.07.09"]
[Round "4.63"]
[White "Mok, Gillian"]
[Black "Xu, Hannah"]
[Result "1-0"]
[WhiteElo "1735"]
[BlackElo "1295"]
[PlyCount "43"]
[EventDate "2022.07.08"]
[EventType "swiss"]
[EventRounds "7"]
[EventCountry "CAN"]

1. e4 e6 2. d4 d5 3. exd5 exd5 4. Nf3 Bd6 5. c4 c6 6. Nc3 Ne7 7. Bd3 h6 8. Be3
dxc4 9. Bxc4 Nf5 10. O-O O-O 11. Ne4 Re8 12. Nxd6 Qxd6 13. Qb3 Qc7 14. Bf4 Qxf4
15. Bxf7+ Kf8 16. Bxe8 Kxe8 17. Rfe1+ Kf8 18. Ne5 Ne7 19. Re3 Ke8 20. Rf3 Qg5
21. Rf8+ Kxf8 22. Qf7# 1-0

[Event "CYCC U14 w"]
[Site "Hamilton CAN"]
[Date "2022.07.09"]
[Round "4.64"]
[White "Zhong, April Yunwei"]
[Black "Sreekumar, Gauri"]
[Result "1/2-1/2"]
[WhiteElo "1452"]
[BlackElo "1334"]
[PlyCount "123"]
[EventDate "2022.07.08"]
[EventType "swiss"]
[EventRounds "7"]
[EventCountry "CAN"]

1. d4 d5 2. c4 e6 3. Nc3 c5 4. cxd5 cxd4 5. Qxd4 Nc6 6. Qd1 exd5 7. e3 Nf6 8.
Nf3 Bc5 9. Bb5 O-O 10. O-O Bg4 11. Na4 Bd6 12. Be2 Bc7 13. b3 Qd6 14. g3 Bh3
15. Re1 Ne4 16. Bf1 Bg4 17. Bb2 Ng5 18. Be2 b5 19. Nxg5 Bxe2 20. Rxe2 bxa4 21.
Qc2 Qh6 22. Rc1 Qxg5 23. Qxc6 Qg4 24. Rd2 Rac8 25. Rd4 Qe2 26. Rc2 Qe1+ 27. Kg2
h5 28. Qc3 Qxc3 29. Rxc3 Be5 30. Rxc8 Rxc8 31. Rd2 Bxb2 32. Rxb2 axb3 33. Rxb3
Rc2 34. Ra3 Rc7 35. Rd3 Rc2 36. Ra3 Rc7 37. Kf3 g5 38. Ra5 Rd7 39. Ke2 f6 40.
Kd3 Kf7 41. Kd4 Ke6 42. f3 f5 43. f4 g4 44. Ra6+ Rd6 45. Rxa7 Rc6 46. Rh7 Rc4+
47. Kd3 Ra4 48. Rxh5 Rxa2 49. Rh6+ Ke7 50. Kd4 Re2 51. Kxd5 Rxe3 52. Rh7+ Kf6
53. Rd7 Rd3+ 54. Kc6 Rc3+ 55. Kb5 Rc2 56. Rh7 Kg6 57. Rh8 Rg2 58. Kc4 Kg7 59.
Rh4 Kg6 60. Rh8 Kg7 61. Rh4 Kg6 62. Rh8 1/2-1/2

[Event "CYCC U14 w"]
[Site "Hamilton CAN"]
[Date "2022.07.09"]
[Round "4.65"]
[White "Dahale, Siddhi"]
[Black "Ruchinskaya, Valerie"]
[Result "0-1"]
[WhiteElo "1112"]
[BlackElo "1612"]
[PlyCount "126"]
[EventDate "2022.07.08"]
[EventType "swiss"]
[EventRounds "7"]
[EventCountry "CAN"]

1. c4 c6 2. Nc3 d5 3. cxd5 cxd5 4. d4 Nc6 5. Nf3 Nf6 6. g3 Bg4 7. Bg2 e6 8. a3
a5 9. O-O Be7 10. Bf4 O-O 11. e3 Nh5 12. Ne2 g5 13. Nxg5 Bxg5 14. Bxg5 Qxg5 15.
f3 Qxe3+ 16. Kh1 Bf5 17. g4 Bd3 18. Re1 Ng7 19. Nc1 Bc2 20. Rxe3 Bxd1 21. Rd3
Bc2 22. Rd2 Bg6 23. Ne2 Ne8 24. Nc3 Nd6 25. Rc1 Nc4 26. Rf2 Nxd4 27. Rd1 Nc6
28. Nb5 Ne3 29. Re1 Nxg2 30. Kxg2 Bd3 31. Nc3 Rfc8 32. Rd2 Bg6 33. Nb5 Na7 34.
Nc3 b5 35. Ne2 b4 36. axb4 axb4 37. Nd4 Nc6 38. Nb3 Na5 39. Nd4 Nc4 40. Rde2
Ra2 41. b3 Rxe2+ 42. Rxe2 Na3 43. h4 Rc3 44. Rb2 Bc2 45. Kf2 e5 46. Nxc2 Rxc2+
47. Rxc2 Nxc2 48. Ke2 Nd4+ 49. Kd3 Nxb3 50. Kc2 Nd4+ 51. Kb2 Nxf3 52. h5 e4 53.
Kb3 e3 54. Kxb4 e2 55. Kc5 d4 56. Kc4 e1=Q 57. Kd5 Qe6+ 58. Kc5 d3 59. Kb4 d2
60. Kc3 d1=R 61. Kb4 Qc6 62. Kb3 Rb1+ 63. Ka3 Qa6# 0-1

[Event "CYCC U14 w"]
[Site "Hamilton CAN"]
[Date "2022.07.09"]
[Round "4.66"]
[White "Yang, Jing Yao"]
[Black "Semianiuk, Catherine"]
[Result "1-0"]
[WhiteElo "1181"]
[BlackElo "842"]
[PlyCount "101"]
[EventDate "2022.07.08"]
[EventType "swiss"]
[EventRounds "7"]
[EventCountry "CAN"]

1. d4 e6 2. Bf4 d5 3. Nf3 Nf6 4. e3 c6 5. c3 Qb6 6. Qc2 Be7 7. Bd3 O-O 8. Nbd2
Nbd7 9. Ne5 c5 10. O-O c4 11. Be2 Qd8 12. e4 b5 13. Nc6 Qe8 14. e5 Ne4 15. Nxe4
dxe4 16. Qxe4 Nb6 17. Nxe7+ Qxe7 18. Bd2 Bb7 19. Qg4 f5 20. exf6 Qxf6 21. f4
Nd5 22. Rae1 Rae8 23. Bf3 Bc8 24. Be4 Qf7 25. Qh4 Nf6 26. Bc6 Bd7 27. Bxd7 Qxd7
28. Re5 b4 29. Rfe1 a6 30. Qh3 bxc3 31. bxc3 Nd5 32. Rxe6 Rxe6 33. Qxe6+ Qxe6
34. Rxe6 Nxf4 35. Bxf4 Rxf4 36. Rxa6 Re4 37. Ra4 Re1+ 38. Kf2 Ra1 39. Rxc4
Rxa2+ 40. Kg3 Ra6 41. d5 Rg6+ 42. Kf2 Rd6 43. Rc8+ Kf7 44. Rc7+ Kf6 45. Rc6 Ke5
46. Rxd6 Kxd6 47. c4 Kc5 48. Ke3 h6 49. Kf4 g5+ 50. Kf5 Kd6 51. Kg6 1-0

[Event "CYCC U14 w"]
[Site "Hamilton CAN"]
[Date "2022.07.09"]
[Round "4.67"]
[White "Wang, Crystal"]
[Black "Yang, Lucy"]
[Result "0-1"]
[WhiteElo "834"]
[BlackElo "1211"]
[PlyCount "66"]
[EventDate "2022.07.08"]
[EventType "swiss"]
[EventRounds "7"]
[EventCountry "CAN"]

1. d4 d5 2. Nf3 Nf6 3. Bf4 e6 4. e3 c5 5. c4 Nc6 6. Nc3 cxd4 7. exd4 Ne4 8.
cxd5 Nxc3 9. bxc3 exd5 10. Bb5 Bd7 11. O-O Be7 12. Ne5 Nxe5 13. Bxd7+ Nxd7 14.
Qb3 Nb6 15. Rfe1 O-O 16. Re3 Bd6 17. Bxd6 Qxd6 18. Rae1 Qc6 19. Rh3 Rfe8 20.
Rhe3 Rxe3 21. Rxe3 Re8 22. h3 Rxe3 23. fxe3 Qc4 24. Qc2 Na4 25. Qb1 b5 26. Qf5
h6 27. Qd7 Nxc3 28. Qe8+ Kh7 29. Qxf7 Qd3 30. Qxa7 Qxe3+ 31. Kh2 Ne2 32. h4
Qg3+ 33. Kh1 Qxh4# 0-1

[Event "CYCC U14 w"]
[Site "Hamilton CAN"]
[Date "2022.07.09"]
[Round "4.68"]
[White "Li, Ruby"]
[Black "Siahou, Audrey"]
[Result "1-0"]
[WhiteElo "1945"]
[BlackElo "794"]
[PlyCount "63"]
[EventDate "2022.07.08"]
[EventType "swiss"]
[EventRounds "7"]
[EventCountry "CAN"]

1. e4 e5 2. Nf3 Nc6 3. Bc4 Bc5 4. Nc3 Nf6 5. d3 h6 6. O-O O-O 7. Be3 Bb6 8. Na4
d5 9. exd5 Nxd5 10. Bxd5 Qxd5 11. c4 Qd8 12. a3 Bxe3 13. fxe3 Bg4 14. Qc2 Re8
15. Qc3 e4 16. dxe4 Rxe4 17. Nc5 Bxf3 18. Rxf3 Re5 19. Rg3 f6 20. Nd3 Re8 21.
Rd1 Ne5 22. Qb3 Kh8 23. Nxe5 Qc8 24. Rd7 fxe5 25. Rgxg7 Qxd7 26. Rxd7 Rad8 27.
Rxd8 Rxd8 28. e4 b6 29. Qf3 Rd2 30. Qf6+ Kh7 31. Qxe5 Rxb2 32. Qxb2 1-0

[Event "CYCC U14 w"]
[Site "Hamilton CAN"]
[Date "2022.07.10"]
[Round "5.62"]
[White "Mok, Gillian"]
[Black "Chen, Rachel Ruoxuan"]
[Result "0-1"]
[WhiteElo "1735"]
[BlackElo "1945"]
[PlyCount "86"]
[EventDate "2022.07.08"]
[EventType "swiss"]
[EventRounds "7"]
[EventCountry "CAN"]

1. e4 e5 2. Nf3 Nc6 3. Nc3 Nf6 4. Bb5 Bb4 5. d3 d6 6. O-O O-O 7. Bg5 Bxc3 8.
bxc3 h6 9. Bh4 Qe7 10. Re1 a6 11. Ba4 Nd8 12. c4 Ne6 13. Qd2 Kh8 14. d4 Nf4 15.
dxe5 dxe5 16. Bg3 N6h5 17. Nh4 Be6 18. Qc3 Qc5 19. Nf3 Nxg3 20. hxg3 Ng6 21.
Qb2 Qxc4 22. Bb3 Qc5 23. Bxe6 fxe6 24. Rad1 b6 25. Rd7 Rad8 26. Red1 Rxd7 27.
Rxd7 Qc6 28. Rd3 Qxe4 29. Re3 Qf5 30. g4 Qxg4 31. Nxe5 Qd1+ 32. Kh2 Nf4 33. Rf3
Kg8 34. Qb4 Rf5 35. g4 Rxe5 36. Qxf4 Re1 37. Qf8+ Kh7 38. Rf7 Rh1+ 39. Kg2 Qf1+
40. Kf3 Rh3+ 41. Ke4 Qc4+ 42. Ke5 Qd5+ 43. Kf4 Rf3# 0-1

[Event "CYCC U14 w"]
[Site "Hamilton CAN"]
[Date "2022.07.10"]
[Round "5.63"]
[White "Jiang, Hancy"]
[Black "Ruchinskaya, Valerie"]
[Result "1-0"]
[WhiteElo "1855"]
[BlackElo "1612"]
[PlyCount "63"]
[EventDate "2022.07.08"]
[EventType "swiss"]
[EventRounds "7"]
[EventCountry "CAN"]

1. d4 d5 2. Bf4 Nf6 3. e3 c5 4. c3 Nc6 5. Nf3 Qb6 6. Qc2 Bf5 7. dxc5 Bxc2 8.
cxb6 axb6 9. Na3 Bg6 10. Nb5 Rc8 11. h3 e6 12. Be2 Be7 13. O-O O-O 14. Rfd1 Bc2
15. Rdc1 Ba4 16. Nbd4 Nxd4 17. Nxd4 Bc6 18. Nb5 Ne4 19. f3 Nc5 20. Nd4 Ra8 21.
Kf2 Rfc8 22. Bg3 g6 23. c4 Nd7 24. cxd5 Bxd5 25. Bb5 Rxc1 26. Rxc1 Nc5 27. b4
Rxa2+ 28. Kf1 Na6 29. e4 Bf6 30. exd5 Bxd4 31. d6 Rd2 32. Be1 1-0

[Event "CYCC U14 w"]
[Site "Hamilton CAN"]
[Date "2022.07.10"]
[Round "5.64"]
[White "Sreekumar, Gauri"]
[Black "Yang, Jing Yao"]
[Result "0-1"]
[WhiteElo "1334"]
[BlackElo "1181"]
[PlyCount "62"]
[EventDate "2022.07.08"]
[EventType "swiss"]
[EventRounds "7"]
[EventCountry "CAN"]

1. d4 Nf6 2. c4 g6 3. Nc3 d5 4. Nf3 Bg7 5. g3 O-O 6. Bg2 dxc4 7. Ne5 Nc6 8.
Nxc6 bxc6 9. O-O Rb8 10. Qa4 Qxd4 11. Rd1 Qc5 12. Be3 Qb4 13. Qxa7 Rb7 14. Qc5
Qxc5 15. Bxc5 Bf5 16. Bxc6 Rxb2 17. Bxe7 Rfb8 18. Nb5 Rxe2 19. Ba3 Be4 20. Bxe4
Nxe4 21. Rac1 c3 22. Re1 Rxe1+ 23. Rxe1 Rxb5 24. Rxe4 h5 25. Rc4 Ra5 26. Bb4
Rxa2 27. Kf1 Ra4 28. Rf4 c2 29. Bd2 Ra1+ 30. Ke2 c1=Q 31. Bxc1 Rxc1 0-1

[Event "CYCC U14 w"]
[Site "Hamilton CAN"]
[Date "2022.07.10"]
[Round "5.65"]
[White "Xu, Hannah"]
[Black "Zhong, April Yunwei"]
[Result "0-1"]
[WhiteElo "1295"]
[BlackElo "1452"]
[PlyCount "116"]
[EventDate "2022.07.08"]
[EventType "swiss"]
[EventRounds "7"]
[EventCountry "CAN"]

1. d4 d5 2. Bf4 Nf6 3. e3 c5 4. c3 Nc6 5. Nf3 Qb6 6. Qc1 Bf5 7. Nbd2 e6 8. Be2
cxd4 9. exd4 Rc8 10. Nb3 a5 11. Be3 Ng4 12. Qd2 Nxe3 13. fxe3 a4 14. Nc1 Na5
15. O-O Be7 16. Bd3 Nc4 17. Bxc4 Rxc4 18. Ne2 O-O 19. Ng3 Bf6 20. Nxf5 exf5 21.
Rab1 Qc7 22. Qf2 g6 23. Nd2 Rc6 24. Rfc1 Re8 25. Nf1 Qe7 26. Kh1 Bg5 27. Qc2
Bxe3 28. Nxe3 Qxe3 29. Qxa4 Rce6 30. Qd1 f4 31. h3 Qf2 32. Qf1 Qg3 33. Qg1 Re2
34. Rf1 R8e3 35. Qh2 g5 36. Qxg3 Rxg3 37. Rg1 g4 38. hxg4 Rxg4 39. g3 fxg3 40.
Rg2 Re6 41. Kg1 h5 42. Rf1 Rg5 43. Rf4 Re1+ 44. Rf1 Rxf1+ 45. Kxf1 h4 46. Kg1
f5 47. Rd2 h3 48. Rd3 f4 49. Rf3 Rg4 50. a4 Kf7 51. b3 Kf6 52. b4 Kf5 53. a5
Ke4 54. Rf1 f3 55. Rd1 Rh4 56. Kf1 h2 57. Ke1 Ke3 58. Rd2 h1=Q# 0-1

[Event "CYCC U14 w"]
[Site "Hamilton CAN"]
[Date "2022.07.10"]
[Round "5.66"]
[White "Yang, Lucy"]
[Black "Li, Ruby"]
[Result "1-0"]
[WhiteElo "1211"]
[BlackElo "640"]
[PlyCount "157"]
[EventDate "2022.07.08"]
[EventType "swiss"]
[EventRounds "7"]
[EventCountry "CAN"]

1. e4 e5 2. Nf3 Nc6 3. Bb5 a6 4. Ba4 b5 5. Bb3 Bc5 6. d3 h6 7. O-O d6 8. c3 Bg4
9. Nbd2 Nf6 10. Re1 Na5 11. Bc2 b4 12. h3 Bh5 13. Nf1 Nc6 14. Ng3 O-O 15. Nxh5
Nxh5 16. Nxe5 Bxf2+ 17. Kxf2 Qh4+ 18. Kg1 Nxe5 19. d4 Nd7 20. Be3 Ndf6 21. Bf2
Qg5 22. h4 Qg4 23. Qxg4 Nxg4 24. cxb4 Nxf2 25. Kxf2 Rfc8 26. Bd3 Rcb8 27. a3
Rb6 28. Rac1 Rc8 29. Kf3 g6 30. d5 Ng7 31. Rc3 c6 32. dxc6 Rcxc6 33. Rec1 Rxc3
34. bxc3 Ne6 35. Bc4 Nc7 36. Rf1 Rc6 37. Ba2 Rxc3+ 38. Kg4 h5+ 39. Kg5 Ne6+ 40.
Bxe6 fxe6 41. Kxg6 Rxa3 42. Kxh5 Rb3 43. Ra1 Rxb4 44. Rxa6 Rxe4 45. Rxd6 Kf7
46. g4 Re5+ 47. g5 Kg7 48. Rd7+ Kf8 49. Kg6 Re4 50. h5 Ke8 51. Rf7 e5 52. h6
Rh4 53. h7 e4 54. Kf6 Rf4+ 55. Kg6 Rh4 56. Kg7 Rxh7+ 57. Kxh7 Kxf7 58. g6+ Kf6
59. g7 e3 60. g8=Q Kf5 61. Qg1 Ke4 62. Qe1 Kf3 63. Qf1+ Ke4 64. Qe2 Kf4 65. Kg6
Ke4 66. Kg5 Kd4 67. Kf4 Kd5 68. Qxe3 Kc4 69. Qd2 Kc5 70. Ke4 Kc4 71. Qd3+ Kc5
72. Qd4+ Kc6 73. Qd5+ Kc7 74. Ke5 Kb6 75. Qc4 Ka5 76. Qb3 Ka6 77. Kd6 Ka7 78.
Kc7 Ka8 79. Qb7# 1-0

[Event "CYCC U14 w"]
[Site "Hamilton CAN"]
[Date "2022.07.10"]
[Round "5.67"]
[White "Semianiuk, Catherine"]
[Black "Dahale, Siddhi"]
[Result "0-1"]
[WhiteElo "842"]
[BlackElo "1112"]
[PlyCount "76"]
[EventDate "2022.07.08"]
[EventType "swiss"]
[EventRounds "7"]
[EventCountry "CAN"]

1. e4 e5 2. Nf3 Nc6 3. Bc4 h6 4. O-O Nf6 5. Nc3 Bc5 6. d3 O-O 7. Re1 d6 8. h3
Bd7 9. Bd2 Nh7 10. a3 Nd4 11. b4 Bb6 12. a4 a6 13. Nd5 Nf6 14. c3 Nc6 15. Qb3
Nxd5 16. Bxd5 Rb8 17. b5 axb5 18. axb5 Ne7 19. Bc4 c6 20. Reb1 Ng6 21. bxc6
bxc6 22. Qd1 Nh4 23. Ra6 Nxf3+ 24. Qxf3 Bxf2+ 25. Qxf2 Rxb1+ 26. Kh2 Bc8 27.
Rxc6 Bb7 28. Qg3 Bxc6 29. Bxh6 Qf6 30. Bg5 Qg6 31. h4 Kh8 32. Qe3 f6 33. Qf3
Rfb8 34. Be3 Bd7 35. h5 Qg4 36. h6 Qxf3 37. hxg7+ Kxg7 38. gxf3 R8b2+ 0-1

[Event "CYCC U14 w"]
[Site "Hamilton CAN"]
[Date "2022.07.10"]
[Round "6.5"]
[White "Chen, Rachel Ruoxuan"]
[Black "Zhong, April Yunwei"]
[Result "1-0"]
[WhiteElo "1946"]
[BlackElo "1452"]
[PlyCount "85"]
[EventDate "2022.07.08"]
[EventType "swiss"]
[EventRounds "7"]
[EventCountry "CAN"]

1. e4 c5 2. Nf3 d6 3. d4 cxd4 4. Nxd4 Nf6 5. Nc3 a6 6. Bd3 e6 7. f4 Be7 8. e5
dxe5 9. fxe5 Nd5 10. Qg4 Nxc3 11. bxc3 Qc7 12. Qxg7 Qxc3+ 13. Ke2 Rf8 14. Be3
Bc5 15. Rad1 Bd7 16. Nf3 Bxe3 17. Kxe3 Bb5 18. Ng5 f6 19. exf6 Qxf6 20. Qxf6
Rxf6 21. Nxh7 Rh6 22. Ng5 Bc6 23. Be4 Ke7 24. h4 Bxe4 25. Kxe4 Nd7 26. g3 Rc8
27. Rhf1 Nf6+ 28. Kd3 Rd8+ 29. Ke2 Rc8 30. Rd2 Rc4 31. Rf3 b5 32. Re3 Nd5 33.
Rxd5 Rxc2+ 34. Rd2 Rc6 35. Kf3 Rc4 36. Rde2 Rf6+ 37. Kg2 a5 38. Rxe6+ Rxe6 39.
Rxe6+ Kf8 40. Kf3 Rc2 41. Re2 Rc4 42. h5 Rc5 43. Ne6+ 1-0

[Event "CYCC U14 w"]
[Site "Hamilton CAN"]
[Date "2022.07.10"]
[Round "6.62"]
[White "Yang, Lucy"]
[Black "Jiang, Hancy"]
[Result "0-1"]
[WhiteElo "1211"]
[BlackElo "1855"]
[PlyCount "74"]
[EventDate "2022.07.08"]
[EventType "swiss"]
[EventRounds "7"]
[EventCountry "CAN"]

1. e4 c6 2. d4 d5 3. exd5 cxd5 4. Bd3 Nf6 5. h3 Nc6 6. Nf3 g6 7. Nbd2 Bf5 8.
Qe2 Bg7 9. c3 O-O 10. O-O Bxd3 11. Qxd3 a6 12. b3 Rc8 13. Re1 Nd7 14. Bb2 Re8
15. Rac1 Bf6 16. Nf1 h5 17. Ne3 e6 18. Qd2 Bg7 19. h4 Bh6 20. Qe2 Nf6 21. Rcd1
Ne4 22. g3 Kh7 23. Nd2 Nf6 24. Nf3 Kg7 25. Kh1 Ne7 26. Nd2 Nf5 27. Nxf5+ exf5
28. Qd3 Rxe1+ 29. Rxe1 f4 30. Nf3 Ne4 31. Kg2 Qd6 32. Nh2 f5 33. Rg1 Qf6 34.
Nf1 Rf8 35. Qe2 fxg3 36. fxg3 f4 37. gxf4 Qxf4 0-1

[Event "CYCC U14 w"]
[Site "Hamilton CAN"]
[Date "2022.07.10"]
[Round "6.63"]
[White "Yang, Jing Yao"]
[Black "Mok, Gillian"]
[Result "1-0"]
[WhiteElo "1181"]
[BlackElo "1735"]
[PlyCount "61"]
[EventDate "2022.07.08"]
[EventType "swiss"]
[EventRounds "7"]
[EventCountry "CAN"]

1. d4 Nf6 2. Bf4 g6 3. Nc3 Bg7 4. e4 d6 5. Nf3 O-O 6. Qd2 Bg4 7. Bh6 c6 8. h3
Bxf3 9. gxf3 Qb6 10. O-O-O a5 11. h4 Nh5 12. Be2 e5 13. Be3 Qc7 14. f4 exf4 15.
Bxf4 Nxf4 16. Qxf4 h5 17. Rhg1 Kh7 18. Qg3 Bh6+ 19. Kb1 Nd7 20. f4 Rg8 21. e5
dxe5 22. fxe5 a4 23. Rdf1 Nb6 24. Ne4 Rg7 25. Nd6 a3 26. b3 Nd5 27. Bc4 Rf8 28.
Bxd5 cxd5 29. Rf6 Kg8 30. Rgf1 Qe7 31. e6 1-0

[Event "CYCC U14 w"]
[Site "Hamilton CAN"]
[Date "2022.07.10"]
[Round "6.64"]
[White "Ruchinskaya, Valerie"]
[Black "Sreekumar, Gauri"]
[Result "0-1"]
[WhiteElo "1612"]
[BlackElo "1334"]
[PlyCount "84"]
[EventDate "2022.07.08"]
[EventType "swiss"]
[EventRounds "7"]
[EventCountry "CAN"]

1. d4 d5 2. c4 e6 3. Nc3 c5 4. cxd5 cxd4 5. Qa4+ Bd7 6. Qxd4 exd5 7. Qxd5 Nc6
8. Bf4 Nf6 9. Qd2 Bf5 10. Qxd8+ Rxd8 11. Rd1 Rxd1+ 12. Nxd1 Bb4+ 13. Bd2 Bxd2+
14. Kxd2 O-O 15. f3 Rd8+ 16. Ke1 Nd4 17. Ne3 Bb1 18. a3 Nc2+ 19. Nxc2 Bxc2 20.
e4 Rd1+ 21. Kf2 Rb1 22. Bc4 Rxb2 23. Ne2 b5 24. Bd5 Bd3 25. Re1 h6 26. Ke3 Bxe2
27. Rxe2 Rxe2+ 28. Kxe2 Nxd5 29. exd5 Kf8 30. Kd3 Ke7 31. Kc3 a5 32. Kb3 Kd6
33. a4 bxa4+ 34. Kxa4 Kxd5 35. Kxa5 Kd4 36. Kb6 Ke3 37. Kc6 Kf2 38. Kd6 Kxg2
39. Ke7 f5 40. Kf7 Kxf3 41. Kxg7 f4 42. Kxh6 Kg4 0-1

[Event "CYCC U14 w"]
[Site "Hamilton CAN"]
[Date "2022.07.10"]
[Round "6.65"]
[White "Xu, Hannah"]
[Black "Wang, Crystal"]
[Result "1-0"]
[WhiteElo "1295"]
[BlackElo "834"]
[PlyCount "127"]
[EventDate "2022.07.08"]
[EventType "swiss"]
[EventRounds "7"]
[EventCountry "CAN"]

1. d4 d5 2. Bf4 Nf6 3. e3 Bf5 4. Nf3 e6 5. c3 Bd6 6. Bg3 Nbd7 7. Bd3 Bg6 8. Bc2
Qe7 9. Nbd2 O-O 10. O-O c5 11. Re1 e5 12. dxc5 Nxc5 13. Nb3 Bxc2 14. Qxc2 b6
15. Rad1 e4 16. Bxd6 Qxd6 17. Nfd2 Nd3 18. Re2 Rac8 19. Nc1 Nxc1 20. Qxc1 Qe6
21. Nb3 Rfd8 22. Nd4 Qe7 23. Qc2 h6 24. Qa4 Rc7 25. Red2 Qd7 26. Qxd7 Rcxd7 27.
Nc6 Re8 28. c4 Rc7 29. cxd5 Nxd5 30. Rxd5 Rxc6 31. h3 Rc2 32. Rd7 Rxb2 33. Rxa7
Rc8 34. g4 Rcc2 35. Rd8+ Kh7 36. Rxf7 Kg6 37. Rdd7 Kg5 38. Rxg7+ Kh4 39. Rd6
Rb1+ 40. Kg2 Rxf2+ 41. Kxf2 Rb2+ 42. Ke1 Kg3 43. Rd2 Rb1+ 44. Rd1 Rb2 45. Rg6
Kf3 46. Kf1 Rf2+ 47. Kg1 Rg2+ 48. Kh1 Kg3 49. Rg1 Rxg1+ 50. Kxg1 Kf3 51. Kf1
Kxe3 52. Ke1 Kd3 53. Rxb6 Ke3 54. a4 h5 55. gxh5 Kf3 56. Rb3+ Kg2 57. Re3 Kh2
58. a5 Kg2 59. a6 Kh2 60. a7 Kg2 61. a8=Q Kh2 62. Qxe4 Kg1 63. Rg3+ Kh2 64.
Qg2# 1-0

[Event "CYCC U14 w"]
[Site "Hamilton CAN"]
[Date "2022.07.10"]
[Round "6.66"]
[White "Li, Ruby"]
[Black "Dahale, Siddhi"]
[Result "0-1"]
[WhiteElo "640"]
[BlackElo "1112"]
[PlyCount "110"]
[EventDate "2022.07.08"]
[EventType "swiss"]
[EventRounds "7"]
[EventCountry "CAN"]

1. e4 e5 2. Nf3 Nc6 3. Bc4 h6 4. Nc3 Nf6 5. a3 Bc5 6. b4 Bb6 7. Bb2 d6 8. h3
Bd7 9. Na4 Nxe4 10. Nxb6 axb6 11. d3 Nf6 12. O-O O-O 13. Nh4 Nh7 14. Nf3 Ng5
15. Nh2 Be6 16. Bb5 Nh7 17. f4 exf4 18. Rxf4 Qg5 19. Qf3 Qxb5 20. h4 Ne5 21.
Qg3 f6 22. Bc1 g5 23. Re4 f5 24. Rf4 Ng6 25. Rf3 Nxh4 26. Rf1 Qe5 27. Bf4 Qg7
28. Bd2 f4 29. Qe1 Bd5 30. Nf3 Nxf3+ 31. gxf3 Rae8 32. Qf2 Nf6 33. Bc3 Re3 34.
Qh2 Rxf3 35. Rxf3 Bxf3 36. Re1 Qg6 37. Re6 Bg4 38. Re7 Rf7 39. Bxf6 Qxf6 40.
Rxf7 Kxf7 41. Qg2 Be6 42. Qxb7 Qe7 43. a4 d5 44. c3 f3 45. Kf2 g4 46. a5 bxa5
47. bxa5 Qc5+ 48. d4 Qxa5 49. Qb2 Qa6 50. Qc1 Qe2+ 51. Kg3 Qg2+ 52. Kf4 f2 53.
Ke5 f1=Q 54. Qxf1+ Qxf1 55. c4 Qf5# 0-1

[Event "CYCC U14 w"]
[Site "Hamilton CAN"]
[Date "2022.07.11"]
[Round "7.60"]
[White "Yang, Jing Yao"]
[Black "Chen, Rachel Ruoxuan"]
[Result "0-1"]
[WhiteElo "1181"]
[BlackElo "1945"]
[PlyCount "80"]
[EventDate "2022.07.08"]
[EventType "swiss"]
[EventRounds "7"]
[EventCountry "CAN"]

1. d4 Nf6 2. Bf4 d5 3. Nf3 c5 4. e3 Nc6 5. c3 Qb6 6. Qc2 g6 7. Be2 Bg7 8. Ne5
Bf5 9. dxc5 Qxc5 10. Qb3 Bc8 11. Nd2 O-O 12. O-O Rd8 13. Rac1 Nd7 14. Nxc6 Qxc6
15. Bb5 Qb6 16. Be2 Qxb3 17. Nxb3 Ne5 18. Rfd1 b6 19. Rd2 a5 20. c4 Ba6 21.
cxd5 Bxe2 22. Rxe2 Rxd5 23. Rec2 a4 24. Rc8+ Rd8 25. Rxa8 Rxa8 26. Nd2 Nd3 27.
Rc6 Nxf4 28. exf4 Rd8 29. Rc2 Bd4 30. g3 f5 31. Nf3 Bf6 32. Rc6 Bxb2 33. Rxb6
a3 34. Rb7 Rd1+ 35. Kg2 Ra1 36. Rxe7 Rxa2 37. Ng5 Bd4 38. Re8+ Kg7 39. Re7+ Kf8
40. Rxh7 Rxf2+ 0-1